000 00582nam a2200205Ia 4500
005 20250508152209.0
008 008 250505s9999 xx 000 0 eng d
037 _aTextual
040 _aFEDL
_beng
_cFEDL
041 _aeng
_2eng
084 _a745.5, KAY
_qFEDL
100 _aWhite C T
_9757235
245 0 _aHandicrafts for boys and girls
260 _aLondon, UK
_bEnglish Universities Press Limited
_c1954
300 _a84p.
490 _aA junior teach yourself book
700 _a Kay J
_9760999
942 _cTEXL
_h745.5, KAY
999 _c1334901
_d1334901